Memoria. Cambio o ruina: progreso y justicia social en armonía con la naturaleza hacia el siglo XXI
Guardado en:
| Institution som forfatter: | |
|---|---|
| Format: | Texto |
| Udgivet: |
San José:
OPES
|
| Fag: | |
| Tags: |
Tilføj Tag
Ingen Tags, Vær først til at tagge denne postø!
|
MARC
| LEADER | 00000 a a2200000 04500 | ||
|---|---|---|---|
| 001 | 27530 | ||
| 003 | |||
| 040 | |||
| 090 | |a 185400 | ||
| 110 | |a Consejo Nacional de Rectores. Oficina de Planificación de la Educación Superior | ||
| 245 | |a Memoria. Cambio o ruina: progreso y justicia social en armonía con la naturaleza hacia el siglo XXI | ||
| 260 | |a San José: |b OPES | ||
| 300 | |a 348 p |b **no definido** | ||
| 650 | |a DESARROLLO SOSTENIBLE | ||
| 650 | |a MEDIO AMBIENTE | ||
| 650 | |a ESTILOS DE DESARROLLO | ||
| 650 | |a COMERCIO | ||
| 650 | |a CONSERVACION DE LA NATURALEZA | ||
| 650 | |a CONFERENCIAS | ||
| 650 | |a POBREZA | ||
| 650 | |a EXPLOTACION FORESTAL | ||
| 650 | |a REFORESTACION | ||
| 999 | |c 11320 |d 11320 | ||
